[Event "FIDE World Rapid-ch Open 2018"]
[White "Gelfand, Boris"]
[Black "Roiz, Michael"]
[Site "St. Petersburg"]
[Round "3.12"]
[Annotator "ChessBase"]
[Result "1/2-1/2"]
[Date "2018.12.26"]
[WhiteElo "2673"]
[BlackElo "2605"]
[PlyCount "61"]
[TimeControl "900+10"]

1. c4 {[%emt 0:0:0]} e5 {[%emt 0:0:12]} 2. g3 {[%emt 0:0:0]} Nf6 {[%emt 0:0:0]} 3. Bg2 {[%emt 0:0:8]} d5 {[%emt 0:0:22]} 4. cxd5 {[%emt 0:0:2]} Nxd5 {[%emt 0:0:2]} 5. Nc3 {[%emt 0:0:15]} Nxc3 {[%emt 0:0:20]} 6. bxc3 {[%emt 0:0:1]
} c5 {[%emt 0:0:2]} 7. Nf3 {[%emt 0:0:45]} Nc6 {[%emt 0:0:3]
} 8. 0-0 {[%emt 0:0:3]} Be7 {[%emt 0:0:2]} 9. d3 {[%emt 0:0:15]} 0-0 {[%emt 0:0:11]
} 10. Rb1 {[%emt 0:0:41]} Qe8 {[%emt 0:1:25]} 11. Nd2 {[%emt 0:0:0]} Rb8 {[%emt 0:0:14]} 12. a4 {[%emt 0:3:7]} Be6 {[%emt 0:0:50]} 13. Nc4 {[%emt 0:0:9]} b6 {[%emt 0:1:6]} 14. Bxc6 {[%emt 0:1:41]} Qxc6 {[%emt 0:0:1]
} 15. Nxe5 {[%emt 0:0:1]} Qd5 {[%emt 0:0:18]} 16. f4 {[%emt 0:0:0]} f6 {[%emt 0:3:33]} 17. Nf3 {[%emt 0:1:38]} c4 {[%emt 0:0:26]} 18. Rb5 {[%emt 0:0:13]} Qd7 {[%emt 0:0:12]} 19. Be3 {[%emt 0:0:32]} Rfe8 {[%emt 0:1:57]
} 20. Bd4 {[%emt 0:0:33]} Bf8 {[%emt 0:0:15]} 21. Rb2 {[%emt 0:0:0]} cxd3 {[%emt 0:0:22]} 22. exd3 {[%emt 0:0:8]} Bd5 {[%emt 0:0:1]} 23. Rbf2 {[%emt 0:0:35]} Kh8 {[%emt 0:0:26]} 24. Nh4 {[%emt 0:0:31]} Bc6 {[%emt 0:0:20]
} 25. Qh5 {[%emt 0:1:1]} Kg8 {[%emt 0:0:33]} 26. Nf3 {[%emt 0:0:0]} Bxa4 {[%emt 0:0:41]} 27. g4 {[%emt 0:0:2]} Bb5 {[%emt 0:1:16]} 28. Rd1 {[%emt 0:1:2]} Bc6 {[%emt 0:0:39]} 29. g5 {[%emt 0:1:8]} Qf5 {[%emt 0:0:0]} 30. Qh4 {[%emt 0:0:9]} fxg5 {[%emt 0:0:24]} 31. Qxg5 {[%emt 0:0:9]
} 1/2-1/2

[Event "FIDE World Rapid-ch Open 2018"]
[White "Tsydypov, Zhamsaran"]
[Black "Oparin, Grigoriy"]
[Site "St. Petersburg"]
[Round "3.13"]
[Annotator "ChessBase"]
[Result "1/2-1/2"]
[Date "2018.12.26"]
[WhiteElo "2529"]
[BlackElo "2613"]
[PlyCount "111"]
[TimeControl "900+10"]

1. e4 {[%emt 0:0:0]} e5 {[%emt 0:0:0]} 2. Nf3 {[%emt 0:0:0]} Nc6 {[%emt 0:0:0]
} 3. Bc4 {[%emt 0:0:2]} Nf6 {[%emt 0:0:0]} 4. d3 {[%emt 0:0:0]} Bc5 {[%emt 0:0:0]} 5. c3 {[%emt 0:0:22]} 0-0 {[%emt 0:0:2]} 6. 0-0 {[%emt 0:0:16]
} d6 {[%emt 0:0:3]} 7. Nbd2 {[%emt 0:0:18]} a5 {[%emt 0:0:15]
} 8. h3 {[%emt 0:1:19]} Be6 {[%emt 0:0:59]} 9. Bb5 {[%emt 0:0:9]} Ba7 {[%emt 0:0:46]
} 10. Re1 {[%emt 0:1:22]} Ne7 {[%emt 0:0:6]} 11. d4 {[%emt 0:0:0]} c6 {[%emt 0:0:18]} 12. Bf1 {[%emt 0:0:31]} Ng6 {[%emt 0:0:6]} 13. b3 {[%emt 0:0:13]} Re8 {[%emt 0:0:55]} 14. Bb2 {[%emt 0:0:9]} Qc7 {[%emt 0:0:0]} 15. c4 {[%emt 0:0:16]} exd4 {[%emt 0:0:44]} 16. Nxd4 {[%emt 0:0:14]} Rad8 {[%emt 0:0:3]} 17. Rc1 {[%emt 0:1:0]} Bc8 {[%emt 0:0:59]} 18. Qf3 {[%emt 0:1:53]
} Ne5 {[%emt 0:0:36]} 19. Qg3 {[%emt 0:0:46]} Qe7 {[%emt 0:0:0]} 20. Nf5 {[%emt 0:0:43]} Bxf5 {[%emt 0:0:8]} 21. exf5 {[%emt 0:0:2]} h6 {[%emt 0:2:6]} 22. Be2 {[%emt 0:5:16]} Qd7 {[%emt 0:1:0]} 23. Qf4 {[%emt 0:0:17]
} Bb8 {[%emt 0:0:16]} 24. Ne4 {[%emt 0:0:17]} Nxe4 {[%emt 0:0:0]} 25. Qxe4 {[%emt 0:0:1]} d5 {[%emt 0:0:13]} 26. cxd5 {[%emt 0:0:9]} cxd5 {[%emt 0:0:2]} 27. Qd4 {[%emt 0:0:21]} f6 {[%emt 0:4:56]} 28. Bh5 {[%emt 0:0:10]
} Re7 {[%emt 0:0:26]} 29. Ba3 {[%emt 0:0:20]} Nc6 {[%emt 0:0:0]} 30. Rxe7 {[%emt 0:0:34]} Nxe7 {[%emt 0:0:2]} 31. Qb6 {[%emt 0:0:38]} Nc6 {[%emt 0:0:17]} 32. Be2 {[%emt 0:1:26]} Ba7 {[%emt 0:0:19]} 33. Qb5 {[%emt 0:0:12]
} Qxf5 {[%emt 0:0:11]} 34. Bf3 {[%emt 0:0:5]} Nd4 {[%emt 0:0:0]} 35. Qxa5 {[%emt 0:0:42]} Nxf3+ {[%emt 0:0:6]} 36. gxf3 {[%emt 0:0:1]} Ra8 {[%emt 0:0:13]} 37. Kg2 {[%emt 0:0:6]} Qg6+ {[%emt 0:1:21]} 38. Kh1 {[%emt 0:0:14]
} Kh7 {[%emt 0:0:30]} 39. Bc5 {[%emt 0:0:28]} Qg5 {[%emt 0:0:0]} 40. Rg1 {[%emt 0:0:11]} Qf5 {[%emt 0:0:1]} 41. Rg3 {[%emt 0:0:20]} Bb8 {[%emt 0:0:28]} 42. Qxa8 {[%emt 0:0:11]} Bxg3 {[%emt 0:0:1]} 43. fxg3 {[%emt 0:0:13]
} Qxf3+ {[%emt 0:0:1]} 44. Kh2 {[%emt 0:0:8]} Qe2+ {[%emt 0:0:0]} 45. Kg1 {[%emt 0:0:1]} Qe1+ {[%emt 0:0:7]} 46. Kg2 {[%emt 0:0:1]} Qe4+ {[%emt 0:0:2]} 47. Kg1 {[%emt 0:0:2]} Qb1+ {[%emt 0:0:34]} 48. Kg2 {[%emt 0:0:3]
} Qe4+ {[%emt 0:0:10]} 49. Kg1 {[%emt 0:0:2]} d4 {[%emt 0:0:0]} 50. Qa5 {[%emt 0:0:45]} Qe3+ {[%emt 0:0:5]} 51. Kg2 {[%emt 0:0:2]} Qe2+ {[%emt 0:0:3]} 52. Kg1 {[%emt 0:0:5]} d3 {[%emt 0:0:13]} 53. Bb4 {[%emt 0:0:5]
} Qe3+ {[%emt 0:0:10]} 54. Kg2 {[%emt 0:0:2]} Qe4+ {[%emt 0:0:0]} 55. Kf2 {[%emt 0:0:9]} Qe2+ {[%emt 0:0:3]} 56. Kg1 {[%emt 0:0:1]} 1/2-1/2

[Event "FIDE World Rapid-ch Open 2018"]
[White "Cheparinov, Ivan"]
[Black "Khanin, Semen"]
[Site "St. Petersburg"]
[Round "3.14"]
[Annotator "ChessBase"]
[Result "1/2-1/2"]
[Date "2018.12.26"]
[WhiteElo "2709"]
[BlackElo "2514"]
[PlyCount "109"]
[TimeControl "900+10"]

1. Nf3 {[%emt 0:0:0]} d5 {[%emt 0:0:0]} 2. d4 {[%emt 0:0:0]} Nf6 {[%emt 0:0:0]
} 3. c4 {[%emt 0:0:0]} e6 {[%emt 0:0:2]} 4. g3 {[%emt 0:0:0]} dxc4 {[%emt 0:0:12]} 5. Bg2 {[%emt 0:0:2]} Bd7 {[%emt 0:0:1]} 6. 0-0 {[%emt 0:1:1]} Bc6 {[%emt 0:0:3]} 7. Qc2 {[%emt 0:0:10]} b5 {[%emt 0:0:0]} 8. Nc3 {[%emt 0:0:21]} Nbd7 {[%emt 0:0:19]} 9. e4 {[%emt 0:0:41]} Be7 {[%emt 0:1:15]
} 10. d5 {[%emt 0:1:49]} exd5 {[%emt 0:0:13]} 11. Nd4 {[%emt 0:0:0]} Bb7 {[%emt 0:0:2]} 12. exd5 {[%emt 0:0:4]} Nc5 {[%emt 0:3:16]} 13. Nc6 {[%emt 0:1:13]} Bxc6 {[%emt 0:0:6]} 14. dxc6 {[%emt 0:0:2]} a6 {[%emt 0:0:28]
} 15. Be3 {[%emt 0:2:36]} Qd3 {[%emt 0:0:24]} 16. Rac1 {[%emt 0:1:33]
} 0-0 {[%emt 0:0:12]} 17. Rfd1 {[%emt 0:1:43]} Qxc2 {[%emt 0:0:0]} 18. Rxc2 {[%emt 0:0:1]} Rad8 {[%emt 0:0:37]} 19. Rcd2 {[%emt 0:0:0]} Rxd2 {[%emt 0:0:6]} 20. Rxd2 {[%emt 0:0:1]} Nd3 {[%emt 0:0:14]} 21. a4 {[%emt 0:0:41]} Bb4 {[%emt 0:0:50]} 22. axb5 {[%emt 0:0:11]} axb5 {[%emt 0:0:2]
} 23. Re2 {[%emt 0:1:13]} Rb8 {[%emt 0:3:32]} 24. Ba7 {[%emt 0:0:0]} Re8 {[%emt 0:0:1]} 25. Rxe8+ {[%emt 0:0:24]} Nxe8 {[%emt 0:0:2]} 26. Nxb5 {[%emt 0:0:12]} Nxb2 {[%emt 0:0:9]} 27. Bd4 {[%emt 0:0:15]} Nd3 {[%emt 0:0:19]
} 28. Bd5 {[%emt 0:0:9]} Bc5 {[%emt 0:0:54]} 29. Bxc4 {[%emt 0:1:0]
} Bxd4 {[%emt 0:0:3]} 30. Bxd3 {[%emt 0:0:3]} Bb6 {[%emt 0:0:0]} 31. Kg2 {[%emt 0:0:4]} Kf8 {[%emt 0:0:17]} 32. f4 {[%emt 0:0:6]} g6 {[%emt 0:0:22]} 33. g4 {[%emt 0:0:10]} Ke7 {[%emt 0:0:39]} 34. Kf3 {[%emt 0:0:8]
} Ng7 {[%emt 0:0:41]} 35. Bc4 {[%emt 0:1:5]} h5 {[%emt 0:0:0]} 36. h3 {[%emt 0:0:38]} hxg4+ {[%emt 0:0:2]} 37. hxg4 {[%emt 0:0:1]} Ne6 {[%emt 0:1:39]} 38. Ke4 {[%emt 0:0:11]} Nc5+ {[%emt 0:0:14]} 39. Kd5 {[%emt 0:0:41]
} Ne6 {[%emt 0:0:2]} 40. Ke4 {[%emt 0:0:1]} Nc5+ {[%emt 0:0:0]} 41. Ke5 {[%emt 0:0:7]} f6+ {[%emt 0:0:18]} 42. Kd5 {[%emt 0:0:1]} Ne6 {[%emt 0:0:3]} 43. Ke4 {[%emt 0:0:36]} Nc5+ {[%emt 0:0:30]} 44. Kf3 {[%emt 0:0:18]
} Ne6 {[%emt 0:0:1]} 45. Ke4 {[%emt 0:0:19]} Nc5+ {[%emt 0:0:0]} 46. Kd5 {[%emt 0:0:1]} Ne6 {[%emt 0:0:1]} 47. f5 {[%emt 0:0:3]} gxf5 {[%emt 0:0:20]} 48. gxf5 {[%emt 0:0:1]} Ng5 {[%emt 0:0:15]} 49. Be2 {[%emt 0:0:6]
} Nf7 {[%emt 0:0:9]} 50. Nc3 {[%emt 0:0:18]} Ba5 {[%emt 0:0:0]} 51. Na4 {[%emt 0:0:17]} Nd6 {[%emt 0:0:9]} 52. Bd3 {[%emt 0:0:1]} Bb4 {[%emt 0:0:17]} 53. Bc2 {[%emt 0:0:15]} Nc8 {[%emt 0:0:8]} 54. Bd3 {[%emt 0:0:28]
} Nb6+ {[%emt 0:0:19]} 55. Nxb6 {[%emt 0:0:2]} 1/2-1/2

[Event "FIDE World Rapid-ch Open 2018"]
[White "Morozevich, Alexander"]
[Black "Firouzja, Alireza"]
[Site "St. Petersburg"]
[Round "3.15"]
[Annotator "ChessBase"]
[Result "1/2-1/2"]
[Date "2018.12.26"]
[WhiteElo "2656"]
[BlackElo "2607"]
[PlyCount "82"]
[TimeControl "900+10"]

1. e4 {[%emt 0:0:0]} c5 {[%emt 0:0:1]} 2. Nf3 {[%emt 0:0:0]} Nc6 3. d4 cxd4 {[%emt 0:0:26]} 4. Nxd4 {[%emt 0:0:0]} Nf6 {[%emt 0:0:28]} 5. Nc3 {[%emt 0:0:0]
} d6 {[%emt 0:0:12]} 6. Bc4 {[%emt 0:0:0]} e6 {[%emt 0:0:22]} 7. Be3 {[%emt 0:0:3]} a6 {[%emt 0:0:26]} 8. Bb3 {[%emt 0:0:4]} Na5 {[%emt 0:0:42]
} 9. f4 {[%emt 0:0:6]} Qc7 {[%emt 0:0:34]} 10. g4 {[%emt 0:0:0]} Nc4 {[%emt 0:3:15]} 11. Qe2 {[%emt 0:3:26]} Nxb2 {[%emt 0:2:40]} 12. Bd2 {[%emt 0:0:1]} Qc5 {[%emt 0:0:33]} 13. Nf5 {[%emt 0:3:16]} exf5 {[%emt 0:2:21]
} 14. exf5+ {[%emt 0:0:13]} Be7 {[%emt 0:0:26]} 15. Rb1 {[%emt 0:0:18]
} 0-0 {[%emt 0:0:38]} 16. Rxb2 {[%emt 0:0:8]} Re8 {[%emt 0:0:0]} 17. Kd1 {[%emt 0:0:28]} Bf8 {[%emt 0:0:18]} 18. Qc4 {[%emt 0:1:33]} Qxc4 {[%emt 0:0:18]} 19. Bxc4 {[%emt 0:0:1]} Nxg4 {[%emt 0:0:11]} 20. Rg1 {[%emt 0:0:1]
} Bxf5 {[%emt 0:0:43]} 21. Rxb7 {[%emt 0:0:6]} Re7 {[%emt 0:0:0]} 22. Rxe7 {[%emt 0:0:17]} Bxe7 {[%emt 0:0:1]} 23. Nd5 {[%emt 0:0:1]
} Bh4 {[%emt 0:0:13]} 24. Be1 {[%emt 0:1:13]} Bd8 {[%emt 0:1:42]} 25. h3 {[%emt 0:0:40]
} Nf6 {[%emt 0:0:5]} 26. Bc3 {[%emt 0:0:6]} Kf8 {[%emt 0:0:0]} 27. Nxf6 {[%emt 0:2:17]} Bxf6 {[%emt 0:0:6]} 28. Bxf6 {[%emt 0:0:1]} gxf6 {[%emt 0:0:2]} 29. Rg3 {[%emt 0:0:1]} Rc8 {[%emt 0:0:44]} 30. Bb3 {[%emt 0:0:24]
} Be4 {[%emt 0:0:40]} 31. Kd2 {[%emt 0:0:5]} Rc5 {[%emt 0:0:0]} 32. Re3 {[%emt 0:0:17]} Bf5 {[%emt 0:0:8]} 33. h4 {[%emt 0:0:34]} Bd7 {[%emt 0:0:6]} 34. Rc3 {[%emt 0:0:26]} Be6 {[%emt 0:0:22]} 35. Rxc5 {[%emt 0:1:45]
} dxc5 {[%emt 0:0:1]} 36. Kc3 {[%emt 0:0:20]} Ke7 37. Bc4 a5 {[%emt 0:1:9]
} 38. a3 {[%emt 0:0:20]} Kd6 {[%emt 0:0:7]} 39. Be2 {[%emt 0:0:0]} h6 {[%emt 0:0:6]} 40. Bf3 {[%emt 0:0:10]} Bd5 {[%emt 0:0:5]} 41. Be2 {[%emt 0:0:10]} Be6 {[%emt 0:0:22]} 1/2-1/2

[Event "FIDE World Rapid-ch Open 2018"]
[White "Kevlishvili, Robby"]
[Black "Matlakov, Maxim"]
[Site "St. Petersburg"]
[Round "3.16"]
[Annotator "ChessBase"]
[Result "1/2-1/2"]
[Date "2018.12.26"]
[WhiteElo "2451"]
[BlackElo "2700"]
[PlyCount "94"]
[TimeControl "900+10"]

1. e4 {[%emt 0:0:0]} e5 {[%emt 0:0:0]} 2. Nf3 {[%emt 0:0:0]} Nc6 {[%emt 0:0:0]
} 3. Bb5 {[%emt 0:0:0]} a6 {[%emt 0:0:0]} 4. Ba4 {[%emt 0:0:0]} Nf6 {[%emt 0:0:0]} 5. 0-0 {[%emt 0:0:1]} Nxe4 {[%emt 0:0:0]} 6. d4 {[%emt 0:0:2]
} b5 {[%emt 0:0:0]} 7. Bb3 {[%emt 0:0:1]} d5 {[%emt 0:0:0]} 8. dxe5 {[%emt 0:0:4]} Be6 {[%emt 0:0:0]} 9. Be3 {[%emt 0:0:10]} Be7 {[%emt 0:0:8]
} 10. c3 {[%emt 0:0:7]} 0-0 {[%emt 0:0:5]} 11. h3 {[%emt 0:0:0]} Qd7 {[%emt 0:1:16]} 12. Nbd2 {[%emt 0:0:34]} Nxd2 {[%emt 0:0:45]} 13. Qxd2 {[%emt 0:0:14]} Na5 {[%emt 0:0:1]} 14. Rad1 {[%emt 0:2:26]} Rad8 {[%emt 0:1:47]
} 15. Bc2 {[%emt 0:1:54]} Nc4 {[%emt 0:0:11]} 16. Qc1 {[%emt 0:0:0]} Nxe3 {[%emt 0:0:44]} 17. Qxe3 {[%emt 0:0:2]} c5 {[%emt 0:0:3]} 18. Ng5 {[%emt 0:1:17]} Bxg5 {[%emt 0:1:32]} 19. Qxg5 {[%emt 0:0:3]} d4 {[%emt 0:0:2]
} 20. cxd4 {[%emt 0:0:27]} cxd4 {[%emt 0:0:1]} 21. Rd2 {[%emt 0:0:24]
} Qc7 {[%emt 0:1:29]} 22. Rfd1 {[%emt 0:1:19]} h6 {[%emt 0:0:0]} 23. Qg3 {[%emt 0:1:34]} d3 {[%emt 0:2:31]} 24. Rxd3 {[%emt 0:0:13]} Bxa2 {[%emt 0:0:44]} 25. Rxd8 {[%emt 0:0:31]} Rxd8 {[%emt 0:0:1]} 26. Rxd8+ {[%emt 0:0:10]} Qxd8 {[%emt 0:0:2]} 27. Qa3 {[%emt 0:0:11]} Qd2 {[%emt 0:0:0]} 28. Qxa2 {[%emt 0:0:3]} Qxc2 {[%emt 0:0:23]} 29. Qxa6 {[%emt 0:0:0]} Qc1+ {[%emt 0:0:5]} 30. Kh2 {[%emt 0:0:2]} Qf4+ {[%emt 0:0:2]} 31. Kg1 {[%emt 0:0:2]} Qc1+ {[%emt 0:0:8]} 32. Kh2 {[%emt 0:0:2]} Qf4+ {[%emt 0:0:2]
} 33. Kg1 {[%emt 0:0:2]} Qxe5 {[%emt 0:0:5]} 34. Qc8+ {[%emt 0:0:6]
} Kh7 {[%emt 0:0:1]} 35. Qc2+ {[%emt 0:0:2]} g6 {[%emt 0:0:0]} 36. g3 {[%emt 0:0:16]} Kg7 {[%emt 0:0:3]} 37. h4 {[%emt 0:0:5]} h5 {[%emt 0:0:2]
} 38. Kg2 {[%emt 0:0:9]} Qd4 {[%emt 0:0:10]} 39. Qe2 {[%emt 0:0:0]} b4 {[%emt 0:0:4]} 40. Qc2 {[%emt 0:0:7]} Qd5+ {[%emt 0:0:3]} 41. Kf1 {[%emt 0:0:11]} Kf6 {[%emt 0:0:16]} 42. Ke2 {[%emt 0:0:6]} Qe5+ {[%emt 0:0:23]
} 43. Kf1 {[%emt 0:0:25]} Qd4 {[%emt 0:0:16]} 44. Ke2 {[%emt 0:0:0]} Qe5+ {[%emt 0:0:13]} 45. Kf1 {[%emt 0:0:4]} Kg7 {[%emt 0:0:10]} 46. Kg2 {[%emt 0:0:8]} Qd4 {[%emt 0:0:49]} 47. Kf1 {[%emt 0:0:5]} Qd5 {[%emt 0:0:33]
} 1/2-1/2

[Event "FIDE World Rapid-ch Open 2018"]
[White "Steinberg, Nitzan"]
[Black "Korobov, Anton"]
[Site "St. Petersburg"]
[Round "3.17"]
[Annotator "ChessBase"]
[Result "0-1"]
[Date "2018.12.26"]
[WhiteElo "2532"]
[BlackElo "2698"]
[PlyCount "79"]
[TimeControl "900+10"]

1. e4 {[%emt 0:0:0]} c5 {[%emt 0:0:0]} 2. Nf3 {[%emt 0:0:0]} d6 {[%emt 0:0:0]} 3. d4 {[%emt 0:0:0]} cxd4 {[%emt 0:0:0]} 4. Nxd4 {[%emt 0:0:0]} Nf6 {[%emt 0:0:0]} 5. Nc3 {[%emt 0:0:0]} a6 {[%emt 0:0:0]} 6. h4 {[%emt 0:0:2]
} Nc6 {[%emt 0:0:8]} 7. Be3 {[%emt 0:0:2]} Ng4 {[%emt 0:0:0]} 8. Nxc6 {[%emt 0:0:2]} bxc6 {[%emt 0:0:2]} 9. Bd2 {[%emt 0:0:1]} Rb8 {[%emt 0:0:55]} 10. b3 {[%emt 0:0:51]} Nf6 {[%emt 0:0:53]} 11. Bd3 {[%emt 0:0:0]} Nd7 {[%emt 0:2:11]} 12. Qe2 {[%emt 0:0:58]} Nc5 {[%emt 0:0:5]} 13. Bc4 {[%emt 0:0:15]} e6 {[%emt 0:0:2]} 14. 0-0-0 {[%emt 0:0:42]} Be7 {[%emt 0:0:4]
} 15. Bf4 {[%emt 0:0:35]} Qa5 {[%emt 0:1:19]} 16. Qd2 {[%emt 0:0:0]} e5 {[%emt 0:1:1]} 17. Bg5 {[%emt 0:0:16]} f6 {[%emt 0:0:15]} 18. Be3 {[%emt 0:0:2]} Rb4 {[%emt 0:0:3]} 19. Bxc5 {[%emt 0:2:5]} Qxc5 {[%emt 0:0:7]
} 20. Qd3 {[%emt 0:0:46]} Qxf2 {[%emt 0:1:30]} 21. h5 {[%emt 0:0:0]} a5 {[%emt 0:0:38]} 22. Kb1 {[%emt 0:0:49]} Bd7 {[%emt 0:1:2]} 23. Rd2 {[%emt 0:0:54]} Qa7 {[%emt 0:0:35]} 24. a3 {[%emt 0:0:42]} Rb8 {[%emt 0:0:0]} 25. Qg3 {[%emt 0:0:4]} Kf8 {[%emt 0:0:27]} 26. h6 {[%emt 0:0:27]} g6 {[%emt 0:0:4]} 27. Rf1 {[%emt 0:0:5]} Ke8 {[%emt 0:0:10]} 28. Ka2 {[%emt 0:0:57]
} Rf8 {[%emt 0:0:15]} 29. Rfd1 {[%emt 0:0:40]} Qc7 {[%emt 0:0:0]} 30. Qe3 {[%emt 0:1:42]} f5 {[%emt 0:0:35]} 31. g3 {[%emt 0:0:34]} f4 {[%emt 0:1:0]
} 32. gxf4 {[%emt 0:0:4]} Rxf4 {[%emt 0:0:2]} 33. Rg1 {[%emt 0:0:25]
} Qb6 {[%emt 0:0:44]} 34. Qe1 {[%emt 0:0:9]} Kd8 {[%emt 0:0:0]} 35. Bg8 {[%emt 0:0:16]} Kc7 {[%emt 0:0:30]} 36. Bxh7 {[%emt 0:0:2]} Be6 {[%emt 0:0:7]} 37. Qd1 {[%emt 0:0:35]} Rf2 {[%emt 0:1:16]} 38. Rxg6 {[%emt 0:1:28]
} Bxb3+ {[%emt 0:0:9]} 39. cxb3 {[%emt 0:1:36]} Qxb3+ {[%emt 0:0:2]
} 40. Ka1 0-1

[Event "FIDE World Rapid-ch Open 2018"]
[White "Karjakin, Sergey"]
[Black "Demchenko, Anton"]
[Site "St. Petersburg"]
[Round "3.18"]
[Annotator "ChessBase"]
[Result "1-0"]
[Date "2018.12.26"]
[WhiteElo "2753"]
[BlackElo "2679"]
[PlyCount "87"]
[TimeControl "900+10"]

1. e4 {[%emt 0:0:0]} e5 {[%emt 0:0:0]} 2. Nf3 {[%emt 0:0:0]} Nc6 {[%emt 0:0:0]
} 3. Bc4 {[%emt 0:0:5]} Nf6 {[%emt 0:0:0]} 4. d3 {[%emt 0:0:0]} Be7 {[%emt 0:0:0]} 5. 0-0 {[%emt 0:0:4]} 0-0 {[%emt 0:0:0]} 6. a3 {[%emt 0:0:10]
} d6 {[%emt 0:0:0]} 7. Nc3 {[%emt 0:0:2]} Bg4 {[%emt 0:0:21]
} 8. h3 {[%emt 0:0:6]} Bh5 {[%emt 0:0:1]} 9. Nd5 {[%emt 0:0:33]} Nxd5 {[%emt 0:3:32]
} 10. Bxd5 {[%emt 0:0:1]} Bxf3 {[%emt 0:2:31]} 11. Qxf3 {[%emt 0:0:2]
} Nd4 {[%emt 0:0:33]} 12. Qd1 {[%emt 0:0:9]} c6 {[%emt 0:0:0]} 13. Ba2 {[%emt 0:0:2]} Bg5 {[%emt 0:0:4]} 14. c3 {[%emt 0:0:28]} Bxc1 {[%emt 0:0:10]} 15. Rxc1 {[%emt 0:0:3]} Ne6 {[%emt 0:0:3]} 16. g3 {[%emt 0:1:44]
} Qe7 {[%emt 0:2:53]} 17. Qg4 {[%emt 0:1:34]} g6 {[%emt 0:0:0]} 18. Rce1 {[%emt 0:1:22]} h5 {[%emt 0:0:55]} 19. Qd1 {[%emt 0:0:8]} Kg7 {[%emt 0:0:49]} 20. h4 {[%emt 0:2:29]} Rad8 {[%emt 0:0:29]} 21. Kg2 {[%emt 0:1:21]
} a5 {[%emt 0:2:19]} 22. Re3 {[%emt 0:0:29]} b5 {[%emt 0:0:31]
} 23. Qe1 {[%emt 0:0:59]} g5 {[%emt 0:1:15]} 24. Qd1 {[%emt 0:1:47]} Rh8 {[%emt 0:0:5]
} 25. Rh1 {[%emt 0:0:11]} Rh6 {[%emt 0:0:14]} 26. Bxe6 {[%emt 0:2:7]
} fxe6 {[%emt 0:0:7]} 27. d4 {[%emt 0:0:1]} exd4 {[%emt 0:0:0]} 28. hxg5 {[%emt 0:0:12]} Qxg5 {[%emt 0:0:13]} 29. Qxd4+ {[%emt 0:0:1]} e5 {[%emt 0:0:7]} 30. Qa7+ {[%emt 0:0:7]} Kg8 {[%emt 0:0:18]} 31. Rf3 {[%emt 0:0:52]
} Qg6 {[%emt 0:0:3]} 32. Rh4 {[%emt 0:0:10]} d5 {[%emt 0:0:0]} 33. Qxa5 {[%emt 0:0:11]} Qd6 {[%emt 0:0:6]} 34. Rf5 {[%emt 0:0:17]} d4 {[%emt 0:0:10]} 35. cxd4 {[%emt 0:0:26]} exd4 {[%emt 0:0:6]} 36. Qd2 {[%emt 0:0:21]
} Re8 {[%emt 0:0:19]} 37. Rfxh5 {[%emt 0:0:26]} Rxh5 {[%emt 0:0:0]} 38. Rxh5 {[%emt 0:0:1]} Qf6 {[%emt 0:0:17]} 39. Rf5 {[%emt 0:0:16]} Qe7 {[%emt 0:0:10]} 40. Qxd4 {[%emt 0:0:22]} Qxe4+ {[%emt 0:0:3]} 41. Qxe4 {[%emt 0:0:1]} Rxe4 {[%emt 0:0:1]} 42. Rc5 {[%emt 0:0:2]} Re2 {[%emt 0:0:0]} 43. Rxc6 {[%emt 0:0:5]} Rxb2 {[%emt 0:0:1]} 44. Ra6 {[%emt 0:0:5]
} 1-0

[Event "FIDE World Rapid-ch Open 2018"]
[White "Potkin, Vladimir"]
[Black "Yu, Yangyi"]
[Site "St. Petersburg"]
[Round "3.19"]
[Annotator "TA"]
[Result "0-1"]
[Date "2018.12.26"]
[WhiteElo "2597"]
[BlackElo "2764"]
[PlyCount "84"]

1. c4 {} e5 2. Nc3 Nc6 3. Nf3 Nf6 {} 4. g3 d5 5. cxd5 Nxd5 6. Bg2 Nb6 7. 0-0 Be7 8. a3 a5 9. d3 0-0 10. Be3 Be6 11. Bxb6 {A29: English
Opening: Four Knights Variation with 4 g3} (11. Rc1 a4 12. Nd2 f5 13. Bxb6 cxb6 14. Nxa4 Bg5 15. Nc3 e4 16. Kh1 Qd7 17. Rb1 Rad8 18. Nc4 Qf7 19. b3 exd3 20. exd3 {0-1 (43) Giri,A (2777)-Carlsen,M (2843) Shamkir 2018} )cxb6 {
LiveBook: 9 Games} 12. e3 Qd7 $146 ({Predecessor:} 12... Rc8 13. d4 exd4 14. Nxd4 Bc4 15. Re1 Bf6 16. Nf5 Bxc3 17. bxc3 Qf6 18. Nd4 Ba6 19. Nxc6 bxc6 {
1-0 (44) Lyanguzov,O (2298)-Ulanov,A (2384) Uljanovsk 2011} )13. d4 {White has
an edge.} exd4 14. Nxd4 Nxd4 15. exd4 Bc4 16. Re1 Bf6 17. Qf3 Rad8 18. Rad1 b5 19. Qf4 h6 20. h4 b6 21. Ne4 Bxd4 22. Rd2 $2 (22. Nc3 $15 )Qe7 {aiming
for ...f5.} 23. Red1 {[#]} (23. Qf3 $17 )Bxb2 $1 $19 {} 24. Nd6 (24. Rxb2 Rxd1+ )Be5 ({Weaker is} 24... Bxa3 25. Nf5 $17 )25. Nf5 Qf6 26. Qe4 Rde8 27. Qb1 h5 (27... Bc3 $19 28. Rd6 Re6 )28. Ne3 $17 Rd8 29. Nxc4 bxc4 30. Rxd8 Rxd8 31. Rxd8+ Qxd8 32. Qb5 Bd6 33. Qxc4 Bxa3 34. Be4 {[#]} Bc5 $1 35. Qe2 g6 36. Kg2 Qd4 37. f4 a4 { Strongly threatening
...a3.} 38. f5 $2 (38. Kh3 )gxf5 39. Bxf5 a3 40. Kf3 Qd5+ {Black mates.} 41. Be4 Qe6 42. Qd3 Qf6+ {Accuracy: White = 35%, Black = 74%.} 0-1

[Event "FIDE World Rapid-ch Open 2018"]
[White "Giri, Anish"]
[Black "Inarkiev, Ernesto"]
[Site "St. Petersburg"]
[Round "3.20"]
[Annotator "TA"]
[Result "1-0"]
[Date "2018.12.26"]
[WhiteElo "2783"]
[BlackElo "2693"]
[PlyCount "95"]

1. e4 {} e5 2. Nf3 Nc6 3. Bc4 Nf6 4. d3 Bc5 5. 0-0 0-0 6. c3 d5 7. exd5 Nxd5 8. Re1 Bg4 9. Nbd2 {C54: Giuoco Piano: 4 c3 Nf6, main
lines with 5 d4 and 5 d3} Nb6 10. h3 (10. Bb5 Bd6 11. h3 Bh5 12. Ne4 Re8 13. Bg5 f6 14. Be3 a6 15. Bxc6 bxc6 16. Ng3 Bf7 17. c4 Bb4 18. Re2 Bf8 19. b3 c5 {
0-1 (89) Nakamura,H (2777)-Grischuk,A (2766) Saint Louis 2018} )Bh5 11. Bb3 Kh8 12. Ne4 Bd6 {LiveBook: 3 Games} 13. g4 $146 ({Predecessor:} 13. Ng3 Bxf3 14. Qxf3 f5 15. Nf1 Qh4 16. Qg3 Qh5 {1/2-1/2 (26) Martic,I (2369)
-Todorovic,G (2476) Belgrade 2015} )Bg6 14. d4 exd4 15. Nxd4 Nxd4 16. Qxd4 Be7 17. Bf4 f5 18. Qxd8 Raxd8 19. Ng5 ({White should play} 19. Bg5 $16 )Nd5 $14 20. Bd2 {Black must now prevent Ne6.} Bxg5 $1 21. Bxg5 Nf6 22. f3 h6 23. Be3 Nd5 24. Bc5 Rf7 25. Rad1 Rfd7 26. Bc2 b6 (26... Nf4 $14 )27. Bd4 (27. gxf5 $18 {Hoping for Ba4.} Bh5 28. Bd4 )Ne7 28. Bxg7+ (28. Ba4 $16 c6 29. Rxe7 Rxe7 30. Bxg7+ $1 { Discovered Attack} Kxg7 31. Rxd8 )Kxg7 $11 {[#]} 29. Rxe7+ $1 {} Rxe7 30. Rxd8 fxg4 31. Bxg6 Kxg6 $16 {
 Endgame KR-KR} 32. Rg8+ Kf5 (32... Kf6 $11 {remains equal.} )33. Rxg4 ({White should try} 33. hxg4+ $16 Kf6 34. Kf2 )Re1+ 34. Kh2 Rb1 (34... h5 $11 35. Rg1 Re3 )35. b4 $1 $14 b5 36. Rh4 (36. Rg7 $16 )Rb2+ 37. Kg3 Rc2 $2 {} (37... Kg6 $1 $14 )38. Rxh6 $18 Rxc3 {[#]} 39. Rh5+ $1 {White is clearly winning.} Kf6 40. Rxb5 Rc2 41. a3 Rc6 42. Rc5 Ra6 43. Ra5 Rc6 44. Rxa7 Rc3 45. Ra5 Rd3 46. h4 {} Rc3 47. h5 Rd3 48. Kg4 {Accuracy: White = 47%, Black = 25%.} 1-0

[Event "FIDE World Rapid-ch Open 2018"]
[White "Salgado Lopez, Ivan"]
[Black "Mamedov, Rauf"]
[Site "St. Petersburg"]
[Round "3.21"]
[Annotator "ChessBase"]
[Result "1/2-1/2"]
[Date "2018.12.26"]
[WhiteElo "2629"]
[BlackElo "2703"]
[PlyCount "25"]
[TimeControl "900+10"]

1. e4 {[%emt 0:0:0]} c5 {[%emt 0:0:0]} 2. c3 {[%emt 0:0:0]} Nf6 {[%emt 0:0:0]} 3. e5 {[%emt 0:0:0]} Nd5 {[%emt 0:0:0]} 4. Bc4 {[%emt 0:0:0]} Nb6 {[%emt 0:0:0]} 5. Bb3 {[%emt 0:0:0]} Nc6 {[%emt 0:0:0]} 6. Nf3 {[%emt 0:0:0]} d5 {[%emt 0:0:0]} 7. exd6 {[%emt 0:0:4]} Qxd6 {[%emt 0:0:0]} 8. Na3 {[%emt 0:0:4]} Be6 {[%emt 0:0:1]} 9. 0-0 {[%emt 0:1:7]} Bxb3 {[%emt 0:0:26]
} 10. Qxb3 {[%emt 0:0:5]} e6 {[%emt 0:1:26]} 11. d4 {[%emt 0:0:0]} cxd4 {[%emt 0:0:7]} 12. Nb5 {[%emt 0:0:2]} Qd7 {[%emt 0:0:8]} 13. Nbxd4 {[%emt 0:0:28]} 1/2-1/2